00511nam a2200181Ia 4500003000400000005001700004008004100021020002900062040001700091082001500108100001700123245008800140250001100228260002500239300001600264650002300280650002600303IIN20240105115730.0231217s9999 xx 000 0 und d cRs.595.00a9788194869375 aIINbEnglish a610.7bLAL1 aLal, Harvans1 aEssentials of Nutrition and Biochemistry bfor B.Sc Nursing Students /cHarvans Lal a3rd ed bCBSaNew Delhic2023 axxiv, 512p.1 aNutritionvNursing1 aBiochemistryvNursing